00722nam a2200253 u 45000010006000000050017000060080041000230350010000640400013000740410008000870800006000950820008001011000046001092450060001552600043002153000013002586500033002716500032003046500025003367000046003617000041004075020012004485260008004607317820260504072047.0960313s1993 ||||||m| spa  a73178 ccomduadb aspa aG 4a54710aPeña Restrepo, Nora Elizabeth4auteaut10aColorante rojo por fermentación del jugo de remolacha aMedellín :b[sin publicador],c1993. a65 hojas aRemolacha : Beta vulgaris L. aColorantes en los alimentos aColorantes vegetales10aEscobar Sierra, Claudia Jannett4auteaut10aMontes de Correa, Consuelo4thseths b178c17 a180